000 00829cam a2200241 a 4500
001 000008452
005 20240502094959.0
008 840831s1982 cu 000 0 spa
040 _aDO-SdBNP
_bspa
_cLC
_dBNPHU
082 _a972.91064
_bC355d
100 1 _aCastro, Fidel
_d 1926-2016
_916971
245 1 0 _aDiscursos en tres congresos /
_cFidel Castro ; edición al cuidado Nora Madan.
260 _aLa Habana :
_bPolítica,
_c1982.
300 _a200 p. ;
_c22 cm.
651 4 _aCuba
_xPolítica Y Gobierno
_y1959-1990.
_95620
650 4 _aSocialismo
_zCuba
_95958
651 4 _aCuba
_xCondiciones Económicas
_y1959-1990.
_922739
650 4 _aSocialismo y juventud
_zCuba
_922740
650 4 _aAgricultura sostenible
_zCuba
_922741
700 1 _aMadan, Nora,
_eed.
_922742
910 _aCatalogación por copia / LC
049 _aBNGR
999 _c8223
_d8223